Zlúčeniny vybraných nekovových prvkov v životnom a pracovnom prostredí
Saved in:
| Main Author: | |
|---|---|
| Other Authors: | |
| Format: | Manuscript Book |
| Language: | English |
| Published: |
Trnava :
STU v Bratislave MTF UBEI,
2014
|
| Subjects: | |
| Online Access: | VAIS |
| Tags: |
No Tags, Be the first to tag this record!
|
MARC
| LEADER | 00000ntm a22000003a 4500 | ||
|---|---|---|---|
| 001 | stu293287 | ||
| 005 | 20150617230307.9 | ||
| 008 | 140708s2014----xo------------------eng-d | ||
| 040 | |a STU |b slo | ||
| 041 | 0 | |a eng | |
| 044 | |a xo | ||
| 100 | 1 | |a Jašo, Ivan, |d 1989- |4 aut |u M |T MTF Materiálovotechnologická fakulta |X 45669 |U M |Y 60 |7 A000045669 | |
| 242 | 0 | 0 | |a Occurence of selected nonmetallic elements in natural environment and workplace |y eng |
| 245 | 1 | |a Zlúčeniny vybraných nekovových prvkov v životnom a pracovnom prostredí | |
| 260 | |a Trnava : |b STU v Bratislave MTF UBEI, |c 2014 | ||
| 300 | |a 88s |c CD | ||
| 650 | 7 | |a Occupational Health and Safety |2 estusub | |
| 650 | 7 | |a spektrofotometria |2 stusub | |
| 650 | 7 | |a nekovy |2 stusub | |
| 700 | 1 | |a Sirotiak, Maroš, |d 1979- |4 ths |u M5000 |U MTF Materiálovotechnologická fakulta |T MTF Ústav bezpečnosti, environmentu a kvality |X 3580 |U M5000 |Y 85 |7 A000003580 | |
| 856 | 4 | |a info a plný text |u http://is.stuba.sk/zp/portal_zp.pl?podrobnosti=87389 |3 VAIS | |
| 996 | |c M*BP-6797 |l MMSKP |s P |a 0 |w stu293287_0001 | ||